000 01121cam a22003257a 4500
003 CHAP
005 20220329133856.0
008 971013s1993 r 00010 d
010 _a12112
011 _a13084
035 _a17155
040 _cCHAP
090 _aTesis
100 0 0 _aGarcía Sánchez, Juan.
_946644
245 1 3 _aLa participación social como alternativa para el uso sostenible de recursos, en la cuenca de Amanalco, Mex.
260 _aChapingo, Méx. :
_bEl autor,
_c1993
300 _a188 h.
_b: ilus.
502 _aTesis (Ing. Agr. Esp. en Bosques) -- UACH. División de Ciencias Forestales
590 _aALEPH
_b10
_c20130110
_lUCH01
_h1230
590 _aBATCH-UPD
_b10
_c20130110
_lUCH01
_h1508
590 _aBATCH-UPD
_b10
_c20130410
_lUCH01
_h0926
590 _aBATCH-UPD
_b10
_c20130914
_lUCH01
_h0708
590 _aCONVERSION
_b10
_c20130109
_lUCH01
_h1308
650 1 4 _aBosques
_xUtilización.
_914405
650 1 4 _aRecursos forestales
_xMéxico (Edo.)
_995055
700 0 _aGarcía Tepexpan, Gabino.
_946672
901 _aBK
942 _cTESIS
949 _bBC
_cTES
_d-40714
_eTS1
_h26537
_i17155
_si
999 _c12112
_d12112